| 000 | 00788 a2200241 4500 | ||
|---|---|---|---|
| 005 | 20250415085436.0 | ||
| 020 | _a8123909772 | ||
| 050 |
_aS675 _bKEP 2005 |
||
| 100 |
_aKepner, R. A. _eauthor |
||
| 245 |
_aPrinciples of farm machinery / _cR. A. Kepner, Roy Bainer & Barger, E. L. |
||
| 250 | _aThird edition | ||
| 264 |
_aNew Delhi : _bCBS Publishers & Distributors, _c2005. |
||
| 300 |
_a527pages : _billustrations. |
||
| 336 |
_2rdacontent _atext _btxt |
||
| 337 |
_2rdamedia _aunmediated _bn |
||
| 338 |
_2rdacarrier _avolume _bnc |
||
| 504 | _aIncludes bibliographical references and index | ||
| 650 | _aAgricultural machinery | ||
| 650 | _aMachines agricoles. | ||
| 700 |
_aBainer, Roy _eauthor |
||
| 700 |
_aBarger, E. L. _eauthor |
||
| 942 |
_2lcc _cBK _eThird edition _h675 _iKEP _kS |
||
| 999 |
_c5703 _d5703 |
||